00222nam a2200085Ia 4500008004100000100003000041245002600071260003000097260000900127170620s9999 xx 000 0 und d aPandey- Ramshakal (Hindi) 0aProad Shiksha (Hindi) bAgra- Vinod Pustak Mandir c2001